Who Were Alive in 1750? - Statistics

General Stats
  • This quiz has been taken 27 times
  • The average score is 4 of 12
Answers on the Grid
Answers color-coded by a green-red scale on the quiz's grid according to % correct below.
Vincent van Gogh
Catherine the Great
Sacagawea
Voltaire
Francis Drake
Florence Nightingale
Napoleon Bonaparte
James Cook
Ludwig van Beethoven
George Washington
Louis XV
Immanuel Kant
Charles Babbage
Francisco Goya
Peter Paul Rubens
Charles Darwin
Adam Smith
James Watt
Joseph-Michel Montgolfier
Benjamin Franklin
Antonio Salieri
Wolfgang Amadeus Mozart
Sam Houston
Oliver Cromwell
 
Answer Stats
Answer % Correct
1706–1790 Benjamin Franklin
71%
1729–1796 Catherine the Great
57%
1732–1799 George Washington
48%
1723–1790 Adam Smith
43%
1728–1779 James Cook
38%
1694–1778 Voltaire
38%
1710–1774 Louis XV
33%
1750–1825 Antonio Salieri
24%
1724–1804 Immanuel Kant
24%
1736–1819 James Watt
19%
1740–1810 Joseph-Michel Montgolfier
14%
1746–1828 Francisco Goya
0%
No matching quizzes found
Score Distribution
Percent of People with Each Score
Percentile by Number Answered
Your Score History
You have not taken this quiz